Normal view
MARC view
- Women private investigators
Entry Topical Term
001 - CONTROL NUMBER
- control field: 11991
003 - CONTROL NUMBER IDENTIFIER
- control field: NUST
005 - DATE AND TIME OF LATEST TRANSACTION
- control field: 20180726053810.0
008 - FIXED-LENGTH DATA ELEMENTS
- fixed length control field: 180726|| aca||aabn | a|a d
040 ## - CATALOGING SOURCE
- Original cataloging agency: NUST
- Transcribing agency: NUST
150 ## - HEADING--TOPICAL TERM
- Topical term or geographic name entry element: Women private investigators
- Geographic subdivision: New York (State)
- Geographic subdivision: New York
- Form subdivision: Fiction.
670 ## - SOURCE DATA FOUND
- Source citation: Work cat.: (NUST)174386: Clark, Mary Higgins. 11983, The Christmas thief /, 2004.
